Bibliographic Details
Format: Photo
Language:Slovak
PhysicalDescription:1 plagát farebný; na čiernom podklade text bielej farby, v hornej časti je fotokópia farebnej maľby rodinného portrétu - matka a štyria synovia 86 x 59 cm
Bratislava Západoslovenské tlačiarne [1988]
Published: Bojnice Bojnický zámok - výstavné priestory [1988]
Subjects:

MARC

LEADER 00000nkm a2200000 a 4500
001 vtls011780092
003 SK-MaSNL
005 20260425230749.0
007 kf bo
008 240409s1997 xo g kuslo
035 |a urn:nbn:sk:snk-km00ec6x 
035 |a urn:nbn:sk:snk-km43ezb 
035 |a E242B74B-CA90-4309-B63D-CB0B77D4AEB9 
040 |a SNK  |b slo  |c SNK  |e AACR2 
041 0 |a slo 
043 |a e-xo--- 
044 |a xo  |c SK 
072 7 |a 394  |x Verejný a spoločenský život. Každodenný život  |2 konspekt 
080 |a 394.46  |2 2011 
080 |a (084.5)  |2 2011 
246 3 |a Výstava - maliarstvo 19. a začiatku 20. storočia z vlastných zbierok  |b propagačný plagát 
260 |a Bojnice  |b Bojnický zámok - výstavné priestory  |c [1988] 
300 |a 1 plagát  |b farebný; na čiernom podklade text bielej farby, v hornej časti je fotokópia farebnej maľby rodinného portrétu - matka a štyria synovia  |c 86 x 59 cm 
300 |a Bratislava  |b Západoslovenské tlačiarne  |c [1988] 
648 7 |a 1896-1996  |2 SNKPH  |9 286313 
650 0 7 |a výtvarné výstavy  |2 SNKPH  |9 344460 
651 7 |a Slovensko  |2 SNKPH  |9 14231 
655 7 |a plagáty  |2 SNKPH  |9 70571 
852 |a Slovenská národná knižnica v Martine 
958 |a CP 
999 |c 685233  |d 687163 
952 |a SNKLM  |b SNKLM  |y PREZ  |7 0  |p 17A1262006  |o snklm L 1534  |i snklm 145/88  |8 7  |0 0  |1 0  |4 0  |d 2018-09-20  |f 1  |l 0  |r 2026-02-23 20:09:59  |w 2026-02-23